Mandats des Présidents de la France - Statistiques

Statistiques générales
  • Ce quiz a été pris 150 fois
    87 depuis la dernière actualisation
  • Le résultat moyen est 9 sur 27
Statistiques - réponses
République Président Fin du Mandat Mandat % Correct
Cinquième Georges Pompidou décès 1969-1974
60%
Cinquième François Mitterrand cumul maximal de mandats 1981-1995
60%
Cinquième Jacques Chirac cumul maximal de mandats 1995-2007
60%
Cinquième Nicolas Sarkozy défaite au 2nd tour 2007-2012
60%
Cinquième François Hollande renoncement 2012-2017
60%
Cinquième Emmanuel Macron - 2017-
56%
Cinquième Valéry Giscard d'Estaing défaite au 2nd tour 1974-1981
52%
Cinquième Charles de Gaulle démission 1959-1969
36%
Deuxième Louis-Napoléon Bonaparte changement de régime 1848-1852
32%
Troisième Paul Deschanel démission 1920
32%
Cinquième (Alain Poher) fin de l'intérim 1969
32%
Troisième Gaston Doumergue mandat maximal 1924-1931
28%
Troisième Paul Doumer assassinat 1931-1932
28%
Cinquième (Alain Poher) fin de l'intérim 1974
28%
Troisième Adolphe Thiers démission 1871-1873
24%
Troisième Patrice de Mac-Mahon démission 1873-1879
24%
Troisième Raymond Poincaré mandat maximal 1913-1920
24%
Troisième Albert Lebrun changement de régime 1932-1940
24%
Quatrième Vincent Auriol mandat maximal 1947-1954
24%
Troisième Jules Grévy démission 1879-1887
20%
Troisième Marie François Sadi Carnot assassinat 1887-1894
20%
Troisième Émile Loubet mandat maximal 1899-1906
20%
Troisième Armand Fallières mandat maximal 1906-1913
20%
Troisième Alexandre Millerand démission 1920-1924
20%
Quatrième René Coty changement de régime 1954-1959
20%
Troisième Jean Casimir-Perier démission 1894-1895
16%
Troisième Félix Faure décès 1895-1899
12%
Aucun quiz correspondant
Distribution des résultats
% des personnes avec chaque résultat
Percentile par nombre de réponses
Votre historique - résultats
Vous n’avez pas pris ce quiz depuis la dernière actualisation